000 00542nam a2200181Ia 4500
003 GCL
008 140319s9999 xx 000 0 ara d
040 _aGCL /
_cGCL
082 0 4 _a916
_bاا
100 1 _aاحمد نجم الدين فليجة
245 1 0 _aافريقيا دراسة عامة واقليمية /
_cاحمد نجم الدين فليجة
260 _a[S.N] :
_bمؤسسة شباب الجامعة
300 _a578 ص
490 _a
650 0 4 _aافريقيا
650 0 4 _aافريقيا - تاريخ
942 _2ddc
_cBK
999 _c53289
_d53289